000 00856nam a22001697a 4500
999 _c60860
_d60860
005 20231110171749.0
008 231110s1958 ru ||||| |||| 00| 0 rus d
041 _arus
080 _a81'374.822=14'01=161.1 Д-22
100 _aДворецкий, И. Х.
_920337
245 _aДревнегреческо-русский словарь :
_bТ. 2, М - Ω /
_cИ.Х. Дворецкий; Под редакцией С.И. Соболевского.
264 _aМосква :
_bГосиздат иностранных и национальных словарей,
_c 1958.
300 _a1905 с. ;
_b26 см.
653 _aძველბერძნულ-რუსული ლექსიკონები
700 _aСоболевский, С.И.
_eრედაქტორი, შემდგენელი.
_920338
942 _2udc
_cᲬᲘᲒᲜᲘ